Rattan : a bibliography

Bibliographic Details
Main Author: KONG-Ong
Corporate Author: Institut Penyelidikan Perhutanan Malaysia (FRIM)
Other Authors: Manokaran
Format: Book
Published: Kuala Lumpur : Institut Penyelidikan Perhutanan Malaysia , 1986
Subjects:

MARC

LEADER 00000cam a2200000 7i4500
001 0000001487
005 20010705.0
090 0 0 |a 584.5   |b KON 1986 
100 1 0 |a KONG-Ong   |h H. K. 
245 1 0 |a Rattan :   |b a bibliography   |c H. K. Kong-Ong and N. Manokaran 
260 0 0 |a Kuala Lumpur :   |b Institut Penyelidikan Perhutanan Malaysia ,   |c 1986 
300 |a iii, 109 p. ;   |c 27 cm. 
500 0 0 |a Includes index 
650 0 0 |a Rattan   |x Bibliography 
700 0 1 |a Manokaran   |h N. 
710 1 1 |a Institut Penyelidikan Perhutanan Malaysia (FRIM) 
998 |a JPSM 
999 |a 0000002476   |b Monograph   |c Open Shelf   |e Default branch 
999 |a 0000003311   |b Monograph   |c Open Shelf   |e Default branch